000 00389nam a2200145Ia 4500
008 240624s9999 xx 000 0 und d
041 _aeng
082 _a658.4038 HIS
100 _aHISLOP DONALD
245 _aKNOWLEDGE MANAGEMENT IN ORGANIZATIONS
250 _a(2nd ed.)
260 _c2010
_aNew York
_bOxford University press
300 _axxi, : 310 : p. : cm. ; 24
365 _cRS
_b27
999 _c16881
_d16881